Carleman's formulas in complex analysis : theory and applications
Saved in:
| Main Author: | |
|---|---|
| Format: | Book |
| Language: | English |
| Published: |
Dordrecht ; : Boston :
Kluwer AcademicPublishers,
c1993
|
| Series: | Mathematics and its applications ;
; v. 244 |
| Subjects: | |
| Tags: |
Add Tag
No Tags, Be the first to tag this record!
|
MARC
| LEADER | 00000cam a2200000 i 4500 | ||
|---|---|---|---|
| 001 | 1/7586 | ||
| 008 | 940126s1993 eng d | ||
| 020 | |a 0-7923-2121-9 | ||
| 035 | |l 10062337 | ||
| 040 | |a GR-MY-UA |b gre |e aacr | ||
| 041 | 0 | |a eng | |
| 082 | 0 | |a 515 | |
| 100 | 1 | |a Aizenberg, Lev Abramovich |d 1937- | |
| 245 | 1 | 0 | |a Carleman's formulas in complex analysis : |b theory and applications / |c by Lev Aizenberg |
| 260 | |a Dordrecht ; : |a Boston : |b Kluwer AcademicPublishers, |c c1993 | ||
| 300 | |a xx, 299 p.; |b ill.; |c 25 cm. | ||
| 490 | 1 | |a Mathematics and its applications |v ; v. 244 | |
| 504 | |a Includes bibliographical references (p. 276-287) and indexes | ||
| 650 | 0 | 0 | |a Carleman theorem. |
| 650 | 0 | 0 | |a Functions of complex variables. |
| 650 | 0 | 0 | |a Mathematical analysis. |
| 830 | 0 | |a Mathematics and its applications ; |v ; v. 244 | |
| 852 | |a INST |b SAMOS |e 19940126 |h 515 AIZ |p 005300007341 |q 005300007341 |t BK |y 0 | ||
| 852 | |a INST |b SAMOS |e 20000622 |h 515 AIZ |p 005300030142 |q 005300030142 |t BK |y 0 | ||
| 901 | |a BIBL3-2000-2 | ||
| 909 | |a Σ |b 080222 | ||
| 909 | |a Σ |b 030437 | ||
| 922 | |a 3ΕΛΗ |b 200004 |c ΚΠΣ |d GLORY | ||
| 950 | |a 116-1999-12-22 | ||
| 970 | |a ΚΟΣΙΕΡΗΣ |b ΧΡΗΣΤΟΣ |z 2000/06/22 | ||